ARRUPE JESUIT UNIVERSITY

CORONAVIRUS -STOP THE SPREAD - CLEAN,DISINFECT,COVER

The face of London. (Record no. 130225)

MARC details
000 -LEADER
fixed length control field 00755cam a2200265 4500
001 - CONTROL NUMBER
control field 4564607
003 - CONTROL NUMBER IDENTIFIER
control field ARRUPE
005 - DATE AND TIME OF LATEST TRANSACTION
control field 20200130103200.0
008 - FIXED-LENGTH DATA ELEMENTS--GENERAL INFORMATION
fixed length control field 730910s1973 enka 000 0 eng
010 ## - LIBRARY OF CONGRESS CONTROL NUMBER
LC control number 73169402
015 ## - NATIONAL BIBLIOGRAPHY NUMBER
National bibliography number GB73-16985
020 ## - INTERNATIONAL STANDARD BOOK NUMBER
International Standard Book Number 0714815748
040 ## - CATALOGING SOURCE
Original cataloging agency DLC
Transcribing agency DLC
Modifying agency DLC
043 ## - GEOGRAPHIC AREA CODE
Geographic area code e-uk-en
050 00 - LIBRARY OF CONGRESS CALL NUMBER
Classification number L. DA684.2
Item number .G54
082 00 - DEWEY DECIMAL CLASSIFICATION NUMBER
Classification number 914.21/04/850222
300 ## - PHYSICAL DESCRIPTION
Other physical details chiefly illus. (some col.)
Dimensions 29 cm.
100 1# - MAIN ENTRY--PERSONAL NAME
Personal name Gloucester, Richard.
9 (RLIN) 49177
245 14 - TITLE STATEMENT
Title The face of London.
Statement of responsibility, etc Richard Gloucester
260 ## - PUBLICATION, DISTRIBUTION, ETC. (IMPRINT)
Place of publication, distribution, etc London,
Name of publisher, distributor, etc Phaidon Press,
Date of publication, distribution, etc 1973.
300 ## - PHYSICAL DESCRIPTION
Extent 163p.
350 ## - PRICE (NR) (BK AM CF MU VM SE) [OBSOLETE]
Price £2.25
651 #0 - SUBJECT ADDED ENTRY--GEOGRAPHIC NAME
Geographic name London (England)
General subdivision Pictorial works.
9 (RLIN) 49178
906 ## - LOCAL DATA ELEMENT F, LDF (RLIN)
a 7
b cbc
c orignew
d 2
e ncip
f 19
g y-gencatlg
942 ## - ADDED ENTRY ELEMENTS (KOHA)
Source of classification or shelving scheme Library of Congress Classification
Koha item type Monograph ( Printed materials)
Holdings
Withdrawn status Lost status Source of classification or shelving scheme Damaged status Not for loan Collection code Home library Current library Shelving location Date acquired Total Checkouts Full call number Barcode Date last seen Price effective from Koha item type
    Library of Congress Classification     Main Collection ARRUPE LIBRARY ARRUPE LIBRARY Main Collection 30/01/2020   L. DA684.2 .G54 46600006675 30/01/2020 30/01/2020 Monograph ( Printed materials)

 

Arrupe Library. PO Box MP320 Mt Pleasant, Harare, Zimbabwe
263 242 745411|librarian@aju.ac.zw